Okopaniny a ostatné plodiny v kŕmnej dávke hydiny

Bibliographic Details
Main Author: Šujan, M. (Author)
Format: Article
Language:Slovak
Subjects:

MARC

LEADER 00000nab a2200000 a 4500
001 vtls000193713
003 SK-MaSNL
005 20260304031141.0
008 140328c1984 xo 0 slo
015 |a SNBRB19rr/mm-uuuuu 
035 |a CL0203826 
040 |a SNKBUCL  |b slo  |c SNKBUCL  |e AACR2 
041 0 |a slo 
044 |a xo  |c SK 
080 |a 636.085:633.4  |2 1981 
080 |a 633.4  |2 1981 
080 |a 636.5  |2 1981 
100 1 |a Šujan, M.  |4 aut  |9 925211 
245 1 0 |a Okopaniny a ostatné plodiny v kŕmnej dávke hydiny  |c M. Šujan 
650 0 7 |a krmivá  |2 snkbucl  |9 2812 
650 0 7 |a okopaniny kŕmne  |2 snkbucl  |9 1310534 
650 0 7 |a hydina  |2 snkbucl  |9 2747 
655 7 |a články z novín a časopisov  |2 snkbucl  |9 267496 
773 0 |t Chovateľ  |g Roč. 20, č. 9 (1984), s. 166 
850 |a Slovenská národná knižnica v Martine  |a MTA001 
852 |a SNK  |b KIS3GCP 
958 |a RK 
992 |a RBX 
999 |c 2636739  |d 2638669